| 000 | 00983nac a22002291u 4500 | ||
|---|---|---|---|
| 010 | _a 00039931 | ||
| 020 | _a0471983209 : | ||
| 082 | 0 | 0 |
_a621.402201 _bMAI |
| 090 |
_c8508 _d8508 |
||
| 100 | _aMaillet, Denis. | ||
| 245 | 0 | 0 |
_aThermal quadrupoles : solving the heat equation through integral transforms / _bsolving the heat equation through integral transforms / _cDenis Maillet ... [et al.]. |
| 260 |
_aChichester ; _aNew York : _bWiley,2000. _cc2000. |
||
| 300 |
_axiii, 370 p. : _bill. ; _c26 cm. |
||
| 500 | _aDistributer: Al-Ahram | ||
| 504 | _aIncludes bibliographical references and index. | ||
| 511 | _aCatalogued by: Sara | ||
| 650 | 0 |
_aHeat equation _xNumerical solutions. |
|
| 650 | 0 | _aIntegral transforms. | |
| 856 | 4 | 2 |
_3Publisher description _uhttp://www.loc.gov/catdir/description/wiley032/00039931.html |
| 856 | 4 | 2 |
_3Table of Contents _uhttp://www.loc.gov/catdir/toc/onix03/00039931.html |
| 942 |
_cBB _k621.402201MAI |
||
| 999 |
_c8508 _d8508 |
||